000 01142nam a22003737a 4500
001 0067218
003 KOHA_MİRAKIL
005 20260207004710.0
007 ta
008 220511b2002 tu |||gr||||#0|||0|tur |
020 _a9755913807
040 _aTR-BiSEU
_btur
_cTR-BiSEU
_erda
041 0 _atur
044 _ctu
050 _aLB1028.3
_b.H35 2002
100 1 _aHalis, İsa.
245 1 _aÖğretim teknolojileri ve materyal geliştirme/
_cİsa Halis ; İsa Halis.
264 1 _aAnkara :
_bNobel Yayın Dağıtım
_c2002
300 _a223 sayfa: resimli; 24 cm
336 _ametin
_btxt
_2rdacontent
337 _aaracısız
_bn
_2rdamedia
338 _acilt
_bnc
_2rdacarrier
490 1 _aYayın no ;
_v401.
490 1 _aEğitim dizisi ;
_v121.
500 _aKaynakça var.
650 0 _aBilgisayar destekli öğretim.
_91500
650 0 _aÖğretim sistemler--Tasarım.
_9127687
650 0 _aÖğretim--Alet ve donanımlar.
_926899
650 0 _aTeaching--Devices and supplies
_926901
830 1 _aYayın no ;
_v401.
_91619
830 1 _aEğitim dizisi ;
_v121.
_94002
907 _aEğitim
942 _2lcc
_cBK
999 _c67765
_d67765